Gaming Quiz

Random Gaming or Nintendo Quiz
Score 0/75 Timer 20:00
0 Plays Today
Time Index Title % Correct
00:16Pacman
88%
01:21Megaman 2
71.8%
06:42Pokémon Red/Blue
66.4%
00:08Super Mario World
55.2%
04:49Metroid Prime
55.2%
02:18Chrono Trigger
51.9%
00:26Mirror's Edge
40.2%
08:25Uncharted: Drake's Fortune
38.6%
01:50Bayonetta
37.3%
09:16Phoenix Wright: Ace Attorney
36.9%
00:00Street Fighter IV
36.1%
08:15Metal Gear Solid 2: Sons of Liberty
34.4%
07:45Shin Megami Tensei: Persona 3
34%
00:35Sonic R
33.2%
06:08Shadow of the Colossus
27.8%
04:58Scott Pilgrim vs. The World: The Game
27.4%
06:35Kirby's Dreamland
27.4%
08:52Duke Nukem 3D
24.9%
05:08Jet Set Radio
24.5%
02:11Golden Axe
23.2%
04:13Left 4 Dead
23.2%
03:49F-Zero GX
19.9%
09:02Resident Evil 3: Nemesis
19.5%
09:27Worms
18.3%
01:38Final Fantasy X-2
17%
04:19Marvel vs Capcom 3
16.6%
05:54Heavy Rain
16.6%
08:07Bastion
14.9%
07:30Goldeneye 007
14.5%
06:28Killer Instinct
13.7%
03:16Mario Party 2
12.4%
05:30Jak & Daxter: The Precursor Legacy
12%
07:52Dragon's Dogma
11.6%
07:18Diddy Kong Racing
11.2%
10:00SoulCalibur II
11.2%
00:20Beyond Good and Evil
10.8%
00:57Grand Theft Auto III
10.8%
01:15Guilty Gear XX
10.4%
Time Index Title % Correct
02:51Alundra
8.3%
09:41Rayman
8.3%
07:08Ecco the Dolphin
7.9%
02:59Katawa Shoujo
7.1%
06:52EyeToy Play
6.6%
04:32Deus Ex
6.2%
06:16Call of Duty: Modern Warfare 2
6.2%
10:15The House of the Dead 2
6.2%
02:32Valkyria Chronicles
5.8%
08:44Gitaroo Man
5.4%
10:07Bust-A-Move 2
5.4%
06:01Baldur's Gate
5%
03:32ChuChu Rocket!
4.6%
07:38Command & Conquer: Red Alert 2
4.6%
09:07The Lion King
4.6%
09:50Turok 2: Seeds of Evil
4.6%
00:49Bust a Groove
4.1%
02:42Final Fight
4.1%
05:13MediEvil
4.1%
07:00Yie Ar Kung-Fu
4.1%
03:24Greendog: The Beached Surfer Dude
3.7%
08:33Dead or Alive 4
3.3%
02:26Zone of the Enders: The 2nd Runner
2.9%
03:09Battalion Wars
2.5%
03:55Melty Blood
2.5%
07:25Trials HD
2.5%
00:41Super Soccer
2.1%
01:02Kabuki Quantum Fighter
1.7%
01:32Mushihime-sama
1.7%
04:40Amplitude
1.7%
07:59Onimusha 2: Samurai's Destiny
1.7%
09:34Micro Machines
1.7%
02:04R4: Ridge Racer Type 4
1.2%
03:39Red Faction
1.2%
04:02GunBound
1.2%
05:40Primal Rage
1.2%
05:21Little Big Adventure
0.8%
Remove Ads.
Support Sporcle.
Get the best of Sporcle when you Go Orange. This ad-free experience offers more features, more stats, and more fun while also helping to support Sporcle. Thank you for becoming a member.

You're not logged in!

Compare scores with friends on all Sporcle quizzes.
OR
Log In

Show Comments

Extras

Top Quizzes Today


Score Distribution

Your Account Isn't Verified!

In order to create a playlist on Sporcle, you need to verify the email address you used during registration. Go to your Sporcle Settings to finish the process.

Report this User

Report this user for behavior that violates our Community Guidelines.

Details: